000
00286nam a2200145Ia 4500
100
_a
Thurston/Hugh
942
_c
BK
654
_a
Physics
245
_a
Early Astronomy
260
_b
Springer
_a
NONE
_c
1994
082
_a
520
_b
THU
300
_a
268
546
_a
ENGLISH
999
_c
24287
_d
24287